000
00190 a2200097 4500
001
15792
100
_a
Gittelson B
245
_a
Bio Rhythm
260
_a
London
_b
_c
090
_c
12342
_d
12342
942
_a
NUST-CAE
_c
M
_c
2606
999
_c
250865
_d
250865